[Event "Eljanov Memorial 6th"]
[Site "Chess.com INT"]
[Date "2020.10.29"]
[Round "4"]
[White "Dubnevych, Maksym"]
[Black "Ivanets, Sergey"]
[Result "0-1"]
[WhiteElo "1800"]
[BlackElo "2204"]
[PlyCount "140"]
[EventDate "2020.10.29"]
[EventType "swiss (blitz)"]
[EventRounds "9"]
[EventCountry "UKR"]
[SourceTitle "CBM 199 Extra"]
[Source "ChessBase"]
[SourceDate "2021.01.31"]
[SourceVersion "1"]
[SourceVersionDate "2021.01.31"]
[SourceQuality "1"]

1. e4 e5 2. Nf3 Nf6 3. Nc3 Bb4 4. Bc4 d6 5. 0-0 0-0 6. d3 Bxc3 7. bxc3 Nc6 8. Bg5 h6 9. Bh4 Na5 10. Bb3 c5 11. Bd5 Be6 12. Bxe6 fxe6 13. Nd2 g5 14. Bg3 Qc7 15. h4 Rf7 16. hxg5 hxg5 17. Re1 Rc8 18. Nb3 Nc6 19. d4 b6 20. d5 exd5 21. exd5 Ne7 22. c4 Qd7 23. Qd2 Qg4 24. Bh2 Ng6 25. f3 Qh5 26. Re2 Rh7 27. g4 Qh6 28. Rf1 Kf7 29. Bg3 Nf4 30. Rh2 Qg6 31. Rxh7+ Qxh7 32. Bxf4 gxf4 33. Qh2 Qg7 34. Nd2 Rh8 35. Qg2 Qg6 36. g5 Rg8 37. Ne4 Nxe4 38. fxe4 Qxg5 39. Qxg5 Rxg5+ 40. Kf2 Rg3 41. Rh1 Kg7 42. Rh5 Rc3 43. Rg5+ Kf6 44. Rf5+ Ke7 45. Rh5 Rxc2+ 46. Kf3 Rc3+ 47. Kg4 Rxc4 48. Rh7+ Kd8 49. Rh8+ Kc7 50. Rh7+ Kb8 51. Kf5 f3 52. Ke6 Rxe4 53. Kxd6 Rf4 54. Kc6 Rf8 55. d6 f2 56. Rb7+ Ka8 57. d7 f1Q 58. d8Q+ Rxd8 59. Rb8+ Kxb8 60. a4 Qf3+ 61. Kb5 Qd5 62. Ka6 Kc7 63. Kb5 Qb7 64. a5 a6+ 65. Kc4 Qd5+ 66. Kc3 Qd4+ 67. Kc2 Qb4 68. Kc1 Rd4 69. Kc2 Kd6 70. Kc1 Rd2 0-1

[Event "Eljanov Memorial 6th"]
[Site "Chess.com INT"]
[Date "2020.10.29"]
[Round "2"]
[White "Ivanets, Sergey"]
[Black "Nurmanova, Alua"]
[Result "1-0"]
[WhiteElo "2204"]
[BlackElo "2026"]
[PlyCount "133"]
[EventDate "2020.10.29"]
[EventType "swiss (blitz)"]
[EventRounds "9"]
[EventCountry "UKR"]
[SourceTitle "CBM 199 Extra"]
[Source "ChessBase"]
[SourceDate "2021.01.31"]
[SourceVersion "1"]
[SourceVersionDate "2021.01.31"]
[SourceQuality "1"]

1. e4 c5 2. c3 d5 3. exd5 Qxd5 4. d4 Nf6 5. Nf3 Bg4 6. Be2 e6 7. h3 Bh5 8. 0-0 Nc6 9. Na3 cxd4 10. Nb5 Rc8 11. Nfxd4 Bxe2 12. Qxe2 Nxd4 13. Nxd4 Be7 14. Rd1 0-0 15. Nb5 Qf5 16. Nxa7 Rc5 17. a4 Re5 18. Be3 Bc5 19. Nb5 Bxe3 20. fxe3 Nd5 21. Re1 Rxe3 22. Qf2 Qg5 23. Rxe3 Nxe3 24. Qd2 Qg3 25. Qf2 Qg5 26. Nd4 e5 27. Nf3 Qf4 28. Re1 Nc4 29. b3 Na5 30. b4 Nc4 31. Qc5 h5 32. Nxe5 Qg3 33. Nf3 Nd2 34. Re3 Nxf3+ 35. Rxf3 Qe1+ 36. Rf1 Qe4 37. Qxh5 Qe3+ 38. Kh1 Qxc3 39. Qg4 Qd3 40. Qf4 f5 41. b5 g6 42. Kh2 Kg7 43. Qe5+ Rf6 44. Rf3 Qd6 45. Re3 Qb6 46. Rd3 Kh6 47. Qf4+ g5 48. Qb8 Qe6 49. Qh8+ Kg6 50. Qb8 f4 51. Rd8 f3 52. Rg8+ Kf5 53. Rf8 Qe5+ 54. Qxe5+ Kxe5 55. Rxf6 Kxf6 56. gxf3 Kf5 57. Kg3 b6 58. Kg2 Kf4 59. Kf2 Kf5 60. Ke3 Ke5 61. Kf2 Kf4 62. a5 bxa5 63. b6 a4 64. b7 a3 65. b8Q+ Kf5 66. Qa7 a2 67. Qxa2 1-0

[Event "UKR-ch"]
[Site "Alushta"]
[Date "2009.05.19"]
[Round "9"]
[White "Ivanets, Sergey"]
[Black "Varchenko, Grigory"]
[Result "0-1"]
[WhiteElo "2228"]
[BlackElo "2125"]
[PlyCount "126"]
[EventDate "2009.05.11"]
[EventType "swiss"]
[EventRounds "9"]
[EventCountry "UKR"]
[SourceTitle "CBM 130 Extra"]
[Source "ChessBase"]
[SourceDate "2009.07.02"]
[SourceVersion "2"]
[SourceVersionDate "2009.07.15"]
[SourceQuality "1"]

1. e4 c5 2. c3 d6 3. d4 Nd7 4. Nf3 e6 5. Bd3 Be7 6. 0-0 Ngf6 7. Re1 0-0 8. Nbd2 cxd4 9. cxd4 e5 10. d5 Nc5 11. Bf1 a5 12. h3 Ne8 13. a3 f5 14. exf5 Bxf5 15. Nc4 a4 16. Ne3 Bg6 17. Bd2 Nb3 18. Ra2 Bh4 19. Nxh4 Qxh4 20. g3 Qf6 21. Ng4 Qf7 22. Be3 Rc8 23. Bd3 Bxd3 24. Qxd3 Nc7 25. Rd1 Na6 26. Qb5 Nac5 27. Bxc5 Nxc5 28. Rf1 Qxd5 29. Raa1 Qb3 30. Qxb3+ Nxb3 31. Rad1 Nd4 32. f4 h5 33. Ne3 exf4 34. gxf4 Ne2+ 35. Kh2 Nxf4 36. Rxd6 Rce8 37. Rf3 Re4 38. Rb6 Rf7 39. Rb5 g6 40. Kh1 Rd7 41. Nf1 h4 42. Rg5 Rdd4 43. Rg4 Kg7 44. Rxh4 Ne6 45. Rxe4 Rxe4 46. Rc3 Re1 47. Kg1 Rb1 48. Rc4 Rxb2 49. Rxa4 Ng5 50. Ne3 Nxh3+ 51. Kf1 Kf6 52. Nc4 Rf2+ 53. Ke1 Rf4 54. Rb4 Re4+ 55. Kf1 Nf4 56. Rb6+ Kg5 57. Nd6 Re3 58. a4 Ra3 59. Ne4+ Kg4 60. Nc5 Rc3 61. Nxb7 Kf3 62. Ke1 g5 63. Nd6 Rd3 0-1

[Event "UKR-ch"]
[Site "Alushta"]
[Date "2009.05.17"]
[Round "7"]
[White "Lomakin, Viktor"]
[Black "Ivanets, Sergey"]
[Result "0-1"]
[WhiteElo "2120"]
[BlackElo "2228"]
[PlyCount "116"]
[EventDate "2009.05.11"]
[EventType "swiss"]
[EventRounds "9"]
[EventCountry "UKR"]
[SourceTitle "CBM 130 Extra"]
[Source "ChessBase"]
[SourceDate "2009.07.02"]
[SourceVersion "2"]
[SourceVersionDate "2009.07.15"]
[SourceQuality "1"]

1. d4 d5 2. c4 c6 3. Nf3 Nf6 4. e3 a6 5. Bd3 g6 6. 0-0 Bg7 7. Nbd2 0-0 8. b3 Bf5 9. Bxf5 gxf5 10. Qc2 Ne4 11. Bb2 Nd7 12. Rac1 Rc8 13. Rfd1 e6 14. Nf1 Re8 15. Ne5 Nf8 16. f3 Nf6 17. Qf2 Qe7 18. Ng3 Ng6 19. Nd3 Bh6 20. Ne2 Nd7 21. Nef4 Nxf4 22. Nxf4 Bxf4 23. exf4 b5 24. c5 Ra8 25. Bc3 a5 26. a4 Reb8 27. Qe1 Qd8 28. Ra1 Qc7 29. Bd2 Ra7 30. Kh1 Nf8 31. Ra3 Ng6 32. g3 h5 33. Rda1 b4 34. R3a2 h4 35. gxh4 Kh7 36. h5 Nh8 37. Be3 Rg8 38. Rd2 Qe7 39. Raa2 Raa8 40. Rg2 Kh6 41. Rad2 Raf8 42. Rg5 f6 43. Rgg2 Qf7 44. Qg1 Kh7 45. Rg3 Qxh5 46. Rdg2 Rg6 47. Rxg6 Nxg6 48. Rg3 Kg7 49. Qf2 Rh8 50. Kg1 Kf7 51. Bd2 Qh4 52. h3 Nxf4 53. Bxf4 Qxf4 54. Kg2 Rh4 55. Qe2 Qc7 56. Qd3 Rh5 57. Qa6 f4 58. Rg4 f5 0-1

[Event "UKR-ch"]
[Site "Alushta"]
[Date "2009.05.13"]
[Round "3"]
[White "Strygin, Alexandr"]
[Black "Ivanets, Sergey"]
[Result "0-1"]
[WhiteElo "2092"]
[BlackElo "2228"]
[PlyCount "92"]
[EventDate "2009.05.11"]
[EventType "swiss"]
[EventRounds "9"]
[EventCountry "UKR"]
[SourceTitle "CBM 130 Extra"]
[Source "ChessBase"]
[SourceDate "2009.07.02"]
[SourceVersion "2"]
[SourceVersionDate "2009.07.15"]
[SourceQuality "1"]

1. e4 e5 2. Nf3 Nf6 3. Nxe5 d6 4. Nf3 Nxe4 5. Nc3 Nf6 6. d4 Nc6 7. h3 h6 8. a3 g6 9. Be3 Bg7 10. Bd3 Ne7 11. 0-0 0-0 12. Qd2 g5 13. Nh2 Nfd5 14. Nxd5 Nxd5 15. c4 Nxe3 16. fxe3 f5 17. Bc2 Qe7 18. Rae1 c5 19. Kh1 Bd7 20. b3 Rae8 21. d5 Qe5 22. g4 Qc3 23. Qd3 Qxd3 24. Bxd3 fxg4 25. hxg4 Rxf1+ 26. Bxf1 Be5 27. Bh3 Bg3 28. Re2 h5 29. Kg2 Bxh2 30. Kxh2 Re4 31. Kg3 Bxg4 32. Bxg4 Rxg4+ 33. Kf3 Kf7 34. e4 Kf6 35. Rh2 Rf4+ 36. Ke3 h4 37. Rg2 h3 38. Rh2 Rh4 39. Kf3 Ke5 40. Kg3 Kxe4 41. Rxh3 Rxh3+ 42. Kxh3 Kf3 43. Kh2 g4 44. Kg1 a5 45. Kf1 g3 46. Kg1 g2 0-1

[Event "Sakharov Memorial 4th"]
[Site "Kiev"]
[Date "2005.07.14"]
[Round "11"]
[White "Grinev, Valeriy"]
[Black "Ivanets, Sergey"]
[Result "1-0"]
[WhiteElo "2241"]
[BlackElo "2208"]
[PlyCount "97"]
[EventDate "2005.07.04"]
[EventType "tourn"]
[EventRounds "11"]
[EventCountry "UKR"]
[EventCategory "2"]
[SourceTitle "EXT 2006"]
[Source "ChessBase"]
[SourceDate "2005.11.24"]
[SourceVersion "1"]
[SourceVersionDate "2005.11.24"]
[SourceQuality "1"]

1. Nf3 g5 2. Nxg5 e5 3. d4 h6 4. Nf3 e4 5. Ng1 d5 6. Bf4 Ne7 7. Be5 Rg8 8. e3 Nd7 9. Bg3 Nf5 10. c4 c6 11. Nd2 Nf6 12. Ne2 h5 13. Nc3 a6 14. Qb3 b5 15. cxd5 cxd5 16. Be5 Be6 17. a4 Ng4 18. Bf4 b4 19. Ne2 Bd6 20. Bxd6 Qxd6 21. h3 Nh2 22. g3 Nf3+ 23. Nxf3 exf3 24. Nf4 h4 25. g4 Nxd4 26. Qd1 Nc6 27. Qxf3 b3 28. Bd3 Qb4+ 29. Ke2 Rd8 30. Nxe6 fxe6 31. Qf6 Kd7 32. Rhc1 Rdf8 33. Qc3 Qb7 34. Ra3 d4 35. Rxb3 Qc7 36. exd4 Rf4 37. Ke3 Rgf8 38. Be4 Rxe4+ 39. Kxe4 Rxf2 40. Qxc6+ Qxc6+ 41. Rxc6 Kxc6 42. Ke5 Re2+ 43. Kf6 Kd5 44. g5 Rf2+ 45. Kg7 Rg2 46. g6 Rg3 47. Rc3 Kxd4 48. Kh7 e5 49. Rxg3 1-0

[Event "Sakharov Memorial 4th"]
[Site "Kiev"]
[Date "2005.07.12"]
[Round "9"]
[White "Baryshpolets, Andrey"]
[Black "Ivanets, Sergey"]
[Result "1-0"]
[WhiteElo "2196"]
[BlackElo "2208"]
[PlyCount "57"]
[EventDate "2005.07.04"]
[EventType "tourn"]
[EventRounds "11"]
[EventCountry "UKR"]
[EventCategory "2"]
[SourceTitle "EXT 2006"]
[Source "ChessBase"]
[SourceDate "2005.11.24"]
[SourceVersion "1"]
[SourceVersionDate "2005.11.24"]
[SourceQuality "1"]

1. d4 f5 2. c4 Nf6 3. g3 g6 4. Bg2 Bg7 5. Nf3 0-0 6. b3 d6 7. Bb2 Ne4 8. 0-0 Nc6 9. Nbd2 Nxd2 10. Qxd2 e5 11. dxe5 dxe5 12. Rad1 Qe7 13. Qc1 a5 14. a3 h6 15. Nh4 Kh7 16. Bd5 g5 17. Nf3 Bd7 18. c5 Be8 19. Rfe1 Bg6 20. b4 axb4 21. axb4 f4 22. b5 Nd8 23. Qc4 Kh8 24. Be4 Bf7 25. Bd5 Be8 26. Qe4 c6 27. Nxe5 Bf6 28. Ng6+ Bxg6 29. Qxe7 1-0

[Event "Kiev-ch"]
[Site "Kiev"]
[Date "2005.01.16"]
[Round "2"]
[White "Galinsky, Timofey"]
[Black "Ivanets, Sergey"]
[Result "1-0"]
[WhiteElo "2416"]
[BlackElo "2261"]
[PlyCount "95"]
[EventDate "2005.01.15"]
[EventType "swiss"]
[EventRounds "11"]
[EventCountry "UKR"]
[SourceTitle "CBM 104 Extra"]
[Source "ChessBase"]
[SourceDate "2005.03.01"]
[SourceVersion "1"]
[SourceVersionDate "2005.03.01"]
[SourceQuality "1"]

1. g3 f5 2. Bg2 Nf6 3. d3 e5 4. Nf3 Nc6 5. 0-0 d5 6. Nc3 d4 7. Nb1 Bc5 8. c3 0-0 9. b4 Bd6 10. b5 Ne7 11. cxd4 exd4 12. Bb2 Bc5 13. Nbd2 Bb6 14. Nb3 a6 15. Bxd4 Bxd4 16. Nbxd4 axb5 17. Qb3+ Kh8 18. Nxb5 c6 19. Nc3 Qd6 20. a4 Be6 21. Qb2 Ra7 22. Rfd1 Rfa8 23. e4 fxe4 24. Nxe4 Nxe4 25. dxe4 Qc7 26. Ng5 Bg8 27. Bh3 Rxa4 28. Rxa4 Rxa4 29. Rd7 Qa5 30. Rxe7 Qxg5 31. Re8 Qh5 32. Rxg8+ Kxg8 33. Qb3+ Kf8 34. Qxa4 Qxh3 35. Qa8+ Ke7 36. Qxb7+ Kd6 37. Qxg7 Qh5 38. Qd4+ Ke7 39. e5 Ke6 40. Qd6+ Kf5 41. Qf6+ Ke4 42. Qxc6+ Kd3 43. Qd5+ Ke2 44. Qe4+ Kd2 45. e6 Qe8 46. e7 Kc3 47. h4 h5 48. Qf3+ 1-0

[Event "Kiev Independence Cup-A 4th"]
[Site "Kiev"]
[Date "2004.08.21"]
[Round "11"]
[White "Ivanets, Sergey"]
[Black "Kernazhitsky, Leonid"]
[Result "0-1"]
[WhiteElo "2230"]
[BlackElo "2355"]
[PlyCount "146"]
[EventDate "2004.08.11"]
[EventType "swiss"]
[EventRounds "11"]
[EventCountry "UKR"]
[SourceTitle "EXT 2005"]
[Source "ChessBase"]
[SourceDate "2004.11.15"]
[SourceVersion "1"]
[SourceVersionDate "2004.11.15"]
[SourceQuality "1"]

1. e4 c5 2. c3 Nf6 3. e5 Nd5 4. d4 cxd4 5. cxd4 g6 6. Nc3 Nxc3 7. bxc3 Bg7 8. Bd3 0-0 9. f4 d5 10. Nf3 Qc7 11. Qb3 Nc6 12. Bd2 Rd8 13. 0-0 f5 14. c4 e6 15. cxd5 exd5 16. Rfc1 h6 17. Rab1 Kh7 18. h4 Qf7 19. Kh2 Bf8 20. a4 Be7 21. a5 a6 22. Qa4 Qe8 23. Qc2 Qf7 24. Rb6 Rf8 25. Qa2 Bd8 26. Rb2 Ra7 27. Rcb1 Kh8 28. Kh1 Rg8 29. Kg1 Be6 30. Kf2 Qc7 31. Rc2 Rg7 32. Rh1 Qc8 33. Ra1 Rc7 34. Rac1 Be7 35. Qa4 Qd8 36. Kg3 Ra8 37. Rb1 Qd7 38. Rbc1 Rac8 39. Qb3 Nd8 40. Kf2 Rxc2 41. Rxc2 Rxc2 42. Qxc2 Nc6 43. Qb3 Qc7 44. Qa4 Kg7 45. Ke3 Kf7 46. g3 Bd8 47. Qb3 Ke8 48. Bc2 Qc8 49. Qa2 Bxa5 50. Bxa5 Nxa5 51. Qxa5 Qxc2 52. Qb6 Qc6 53. Qxc6+ bxc6 54. Kd2 Kd7 55. Ne1 c5 56. dxc5 Kc6 57. Kc3 Kxc5 58. Nd3+ Kb5 59. Kd4 Bd7 60. Kxd5 a5 61. Kd6 Be8 62. Nc5 Kc4 63. e6 a4 64. Nxa4 Bxa4 65. Ke5 Kc5 66. h5 gxh5 67. Kxf5 Kd6 68. Kf6 Be8 69. f5 h4 70. gxh4 h5 71. Kg7 Ke7 72. Kg8 Kf6 73. Kf8 Ba4 0-1

[Event "Kiev Independence Cup-A 4th"]
[Site "Kiev"]
[Date "2004.08.20"]
[Round "10"]
[White "Katsman, Mikhail"]
[Black "Ivanets, Sergey"]
[Result "0-1"]
[WhiteElo "2281"]
[BlackElo "2230"]
[PlyCount "38"]
[EventDate "2004.08.11"]
[EventType "swiss"]
[EventRounds "11"]
[EventCountry "UKR"]
[SourceTitle "EXT 2005"]
[Source "ChessBase"]
[SourceDate "2004.11.15"]
[SourceVersion "1"]
[SourceVersionDate "2004.11.15"]
[SourceQuality "1"]

1. e4 e5 2. Nf3 Nf6 3. Nc3 Bb4 4. Bc4 Nc6 5. Nd5 Ba5 6. 0-0 0-0 7. d3 h6 8. c3 d6 9. a4 Bb6 10. b4 a6 11. Nxb6 cxb6 12. h3 Re8 13. Qb3 Be6 14. Bxe6 Rxe6 15. Be3 d5 16. exd5 Nxd5 17. b5 Na5 18. Qc2 Rc8 19. Bd2 Nb4 0-1

[Event "Kiev Independence Cup-A 4th"]
[Site "Kiev"]
[Date "2004.08.18"]
[Round "8"]
[White "Troshchenko, Pavel"]
[Black "Ivanets, Sergey"]
[Result "0-1"]
[WhiteElo "2311"]
[BlackElo "2230"]
[PlyCount "70"]
[EventDate "2004.08.11"]
[EventType "swiss"]
[EventRounds "11"]
[EventCountry "UKR"]
[SourceTitle "EXT 2005"]
[Source "ChessBase"]
[SourceDate "2004.11.15"]
[SourceVersion "1"]
[SourceVersionDate "2004.11.15"]
[SourceQuality "1"]

1. c4 e5 2. Nc3 Nf6 3. g3 Nc6 4. Bg2 Bb4 5. Nf3 0-0 6. 0-0 Re8 7. d3 d6 8. Bd2 a5 9. a3 Bc5 10. Na4 Bg4 11. Nxc5 dxc5 12. b3 h6 13. h3 Bh5 14. Nh4 e4 15. dxe4 Nxe4 16. Be3 Nxg3 17. fxg3 Rxe3 18. Qxd8+ Rxd8 19. g4 Bg6 20. Nxg6 fxg6 21. Bxc6 bxc6 22. Rf3 Rxf3 23. exf3 Rd3 24. Rb1 Rxf3 25. Kg2 Rc3 26. h4 a4 27. bxa4 Rxc4 28. Kf3 Rxa4 29. Rb3 h5 30. gxh5 gxh5 31. Kg3 Kf7 32. Rc3 g6 33. Rxc5 Rxa3+ 34. Kf4 Ra4+ 35. Kg3 Rg4+ 0-1

[Event "Sakharov Memorial op 3rd"]
[Site "Kiev"]
[Date "2004.07.22"]
[Round "5"]
[White "Ivanets, Sergey"]
[Black "Golichenko, Ilja"]
[Result "1-0"]
[WhiteElo "2208"]
[BlackElo "2289"]
[PlyCount "119"]
[EventDate "2004.07.18"]
[EventType "swiss"]
[EventRounds "9"]
[EventCountry "UKR"]
[SourceTitle "EXT 2008"]
[Source "ChessBase"]
[SourceDate "2007.11.25"]
[SourceVersion "1"]
[SourceVersionDate "2007.11.25"]
[SourceQuality "1"]

1. e4 c5 2. c3 d6 3. d4 Nd7 4. Nf3 Qc7 5. Bd3 e5 6. 0-0 Ngf6 7. Qe2 Be7 8. Na3 0-0 9. dxe5 dxe5 10. Nh4 Rd8 11. f4 a6 12. Nf5 Bf8 13. Nc4 b5 14. Nxe5 c4 15. Bc2 Nxe5 16. fxe5 Qxe5 17. Bf4 Qe8 18. Bg5 Bxf5 19. Rxf5 Rd5 20. e5 Nd7 21. Qe4 Qe6 22. Raf1 Nc5 23. Qf3 Ra7 24. Rf6 gxf6 25. Bxf6 Bh6 26. Bf5 Qb6 27. Qg4+ Kf8 28. Bxh7 Ne6+ 29. Kh1 Ke8 30. Bf5 Rad7 31. Bxe6 Qxe6 32. Qg8+ Bf8 33. Bg7 Qe7 34. e6 Rd8 35. h3 f5 36. Bd4 R8d6 37. Qg6+ Kd8 38. Bf6 Rxe6 39. Bxe7+ Kxe7 40. Qh7+ Kf6 41. Qh4+ Kg6 42. Qg3+ Kf6 43. Qh4+ Kg6 44. Qg3+ Kf6 45. h4 Bh6 46. Qg8 Bg7 47. h5 Rde5 48. Qh7 Kf7 49. Rxf5+ Rxf5 50. Qxf5+ Rf6 51. Qd5+ Kf8 52. g4 Ke7 53. g5 Re6 54. Qc5+ Kf7 55. Qc7+ Re7 56. Qf4+ Kg8 57. h6 Re1+ 58. Kg2 Be5 59. Qf5 Bh8 60. g6 1-0

[Event "Sakharov Memorial op 3rd"]
[Site "Kiev"]
[Date "2004.07.21"]
[Round "4"]
[White "Ivanets, Sergey"]
[Black "Semenova, Lidia K"]
[Result "1-0"]
[WhiteElo "2208"]
[BlackElo "2280"]
[PlyCount "55"]
[EventDate "2004.07.18"]
[EventType "swiss"]
[EventRounds "9"]
[EventCountry "UKR"]
[SourceTitle "EXT 2008"]
[Source "ChessBase"]
[SourceDate "2007.11.25"]
[SourceVersion "1"]
[SourceVersionDate "2007.11.25"]
[SourceQuality "1"]

1. e4 c6 2. d4 d5 3. exd5 cxd5 4. c4 Nf6 5. Nc3 e6 6. Nf3 Bb4 7. cxd5 Nxd5 8. Qc2 Nc6 9. Bd3 Nf6 10. 0-0 Bd7 11. Bg5 Bxc3 12. bxc3 Rc8 13. Rab1 Qc7 14. c4 a6 15. Rfe1 Ne7 16. Qb3 Rb8 17. Qa3 Rd8 18. Bd2 Rb8 19. d5 Nc8 20. Ng5 Ng4 21. g3 e5 22. h3 Nh6 23. f4 f6 24. Nf3 Bxh3 25. fxe5 f5 26. Bf4 b5 27. cxb5 Qb6+ 28. Be3 1-0

[Event "Stepichev Memorial 10th"]
[Site "Kiev"]
[Date "2002.12.29"]
[Round "9"]
[White "Vysochin, Spartak"]
[Black "Ivanets, Sergey"]
[Result "1-0"]
[WhiteElo "2554"]
[BlackElo "2230"]
[PlyCount "97"]
[EventDate "2002.12.20"]
[EventType "swiss"]
[EventRounds "9"]
[EventCountry "UKR"]
[SourceTitle "EXT 2004"]
[Source "ChessBase"]
[SourceDate "2003.11.25"]
[SourceVersion "1"]
[SourceVersionDate "2003.11.25"]
[SourceQuality "1"]

1. e4 e5 2. Nf3 Nf6 3. Nxe5 d6 4. Nf3 Nxe4 5. Nc3 Nxc3 6. dxc3 Be7 7. Bf4 0-0 8. Qd2 Nd7 9. 0-0-0 Nc5 10. Be3 Ne6 11. h4 Bd7 12. Bd3 Bc6 13. Rh3 Nc5 14. Bxc5 Bxf3 15. Bxh7+ Kxh7 16. Qd3+ Kg8 17. Qxf3 Qc8 18. Bd4 f5 19. Kb1 c5 20. Be3 Qc6 21. h5 Rf7 22. Bf4 Rd8 23. Qd5 Bf8 24. Re3 Qxd5 25. Rxd5 Rdd7 26. a4 b6 27. c4 Kh7 28. Re6 Rde7 29. Rdxd6 Rxe6 30. Rxe6 Rd7 31. g3 Be7 32. Re5 g6 33. Rd5 Rb7 34. hxg6+ Kxg6 35. c3 Bf6 36. Kc2 Re7 37. Rd6 Re2+ 38. Kb3 Re7 39. Rc6 Re2 40. f3 Re8 41. a5 bxa5 42. Rxc5 Re6 43. Rxa5 a6 44. Rd5 Rb6+ 45. Kc2 Be7 46. b4 Kf6 47. Be3 Re6 48. Bd4+ Kg6 49. Re5 1-0

[Event "Stepichev Memorial 10th"]
[Site "Kiev"]
[Date "2002.12.22"]
[Round "3"]
[White "Semenov, Dmitri"]
[Black "Ivanets, Sergey"]
[Result "1-0"]
[WhiteElo "2329"]
[BlackElo "2230"]
[PlyCount "81"]
[EventDate "2002.12.20"]
[EventType "swiss"]
[EventRounds "9"]
[EventCountry "UKR"]
[SourceTitle "EXT 2004"]
[Source "ChessBase"]
[SourceDate "2003.11.25"]
[SourceVersion "1"]
[SourceVersionDate "2003.11.25"]
[SourceQuality "1"]

1. e4 e5 2. Nc3 Nf6 3. f4 d5 4. fxe5 Nxe4 5. Nf3 Nc6 6. Bb5 a6 7. Bxc6+ bxc6 8. d3 Nc5 9. 0-0 Bg4 10. Qe1 Ne6 11. Ne2 Be7 12. Qg3 Bxf3 13. Rxf3 0-0 14. c3 Bg5 15. Nf4 Bxf4 16. Bxf4 Rb8 17. b3 Qe7 18. Re1 c5 19. Qg4 Rb6 20. Bc1 d4 21. Rh3 Rd8 22. Qh5 Nf8 23. Bg5 f6 24. Bh4 Re6 25. Re4 Qe8 26. Qg4 Rd7 27. cxd4 cxd4 28. exf6 Rxe4 29. dxe4 Qe6 30. Qe2 Ng6 31. Bg5 gxf6 32. Bh6 f5 33. Rg3 fxe4 34. h4 d3 35. Qf2 Rf7 36. Qa7 Re7 37. h5 d2 38. Bxd2 Qe5 39. Rg5 Qa1+ 40. Kh2 e3 41. Bxe3 1-0